|
|
|
|
| LEADER |
04303nam a2201009 i 4500 |
| 001 |
nkc20152750524 |
| 003 |
CZ PrNK |
| 005 |
20220930091944.0 |
| 007 |
ta |
| 008 |
151103t20142014xr ach e 000 0bcze |
| 015 |
|
|
|a cnb002750524
|
| 020 |
|
|
|a 978-80-905583-0-4
|q (brožováno)
|
| 035 |
|
|
|a (OCoLC)934900882
|
| 040 |
|
|
|a OLA001
|b cze
|e rda
|
| 041 |
1 |
|
|a cze
|h ger
|
| 043 |
|
|
|a e-xr---
|b e-xr-ka
|2 czenas
|
| 045 |
|
|
|a v7w6
|
| 072 |
|
7 |
|a 27
|x Křesťanství. Křesťanská církev všeobecně. Eklesiologie
|2 Konspekt
|9 5
|
| 072 |
|
7 |
|a 929
|x Biografie
|2 Konspekt
|9 8
|
| 080 |
|
|
|a 27-789.43
|2 MRF
|
| 080 |
|
|
|a 27-726.2
|2 MRF
|
| 080 |
|
|
|a 323.28
|2 MRF
|
| 080 |
|
|
|a 929
|2 MRF
|
| 080 |
|
|
|a 27-788-1/-9
|2 MRF
|
| 080 |
|
|
|a 726.71:27-789.43
|2 MRF
|
| 080 |
|
|
|a 27-789.43-523.6-788-1/-9
|2 MRF
|
| 080 |
|
|
|a 615.838
|2 MRF
|
| 080 |
|
|
|a 27-662:316.74
|2 MRF
|
| 080 |
|
|
|a 72:904
|2 MRF
|
| 080 |
|
|
|a (437.318)
|2 MRF
|
| 080 |
|
|
|a (048.8)
|2 MRF
|
| 080 |
|
|
|a (092)
|2 MRF
|
| 100 |
1 |
|
|a Brandl, Engelbert,
|d 1876-1934
|7 kpwa2357
|4 aut
|
| 240 |
1 |
0 |
|a Prälat Karl Reitenberger, Abt von Stift Tepl und Gründer der Kurstadt Marienbad.
|l Česky
|
| 245 |
1 |
0 |
|a Opat Karel Reitenberger :
|b zakladatel Mariánských Lázní /
|c Benedikt Brandl ; z německého originálu Abt Karl Reitenberger, der Gründer Marienbads ... přeložili Jana Drábková, Marie Hrdinová, Tomáš Kaiser a Jan Vavrein
|
| 246 |
3 |
0 |
|a Opat Karel Reitenberger - zakladatel Mariánských Lázní
|
| 250 |
|
|
|a Vydání první
|
| 264 |
|
1 |
|a Teplá :
|b Místní akční skupina Náš region společně s Úterským občanským sdružením Bart,
|c [2014]
|
| 264 |
|
4 |
|c ©2014
|
| 300 |
|
|
|a 94 stran :
|b ilustrace, portréty, faksimile ;
|c 25 cm +
|e 1 rodokmen (30 x 42 cm, složeno na 21 x 15 cm)
|
| 336 |
|
|
|a text
|b txt
|2 rdacontent
|
| 337 |
|
|
|a bez média
|b n
|2 rdamedia
|
| 338 |
|
|
|a svazek
|b nc
|2 rdacarrier
|
| 490 |
1 |
|
|a Venkovské baroko
|
| 500 |
|
|
|a Správný název originálu je Prälat Karl Reitenberger, Abt von Stift Tepl und Gründer der Kurstadt Marienbad
|
| 500 |
|
|
|a 1000 výtisků
|
| 600 |
1 |
7 |
|a Reitenberger, Karel Kašpar,
|d 1779-1860
|7 xx0115971
|2 czenas
|
| 610 |
2 |
7 |
|a Klášter premonstrátů (Teplá, Cheb, Česko)
|7 kn20010710518
|2 czenas
|
| 648 |
|
7 |
|a 18.-19. století
|7 ch757018
|2 czenas
|
| 648 |
|
7 |
|a 19. století
|7 ch460557
|2 czenas
|
| 648 |
|
4 |
|a 1779-1860
|
| 650 |
0 |
7 |
|a premonstráti
|7 ph124587
|z Česko
|y 18.-19. století
|2 czenas
|
| 650 |
0 |
7 |
|a opati
|7 ph220337
|z Česko
|y 19. století
|2 czenas
|
| 650 |
0 |
7 |
|a opati
|7 ph220337
|x perzekuce
|y 19. století
|2 czenas
|
| 650 |
0 |
7 |
|a řeholní život
|7 ph128285
|z Česko
|y 19. století
|2 czenas
|
| 650 |
0 |
7 |
|a premonstrátské kláštery
|7 ph124588
|z Česko
|y 19. století
|2 czenas
|
| 650 |
0 |
7 |
|a lázeňství
|7 ph115189
|z Česko
|y 19. století
|2 czenas
|
| 650 |
0 |
7 |
|a křesťanství a kultura
|7 ph115078
|z Česko
|y 18.-19. století
|2 czenas
|
| 650 |
0 |
7 |
|a architektonické památky
|7 ph118585
|z Česko
|2 czenas
|
| 650 |
0 |
9 |
|a premonstratensians
|z Czechia
|y 18th-19th centuries
|2 eczenas
|
| 650 |
0 |
9 |
|a abbots
|z Czechia
|y 19th century
|2 eczenas
|
| 650 |
0 |
9 |
|a abbots
|x persecutions
|y 19th century
|2 eczenas
|
| 650 |
0 |
9 |
|a monastic life
|z Czechia
|y 19th century
|2 eczenas
|
| 650 |
0 |
9 |
|a Premonstratensian monasteries
|z Czechia
|y 19th century
|2 eczenas
|
| 650 |
0 |
9 |
|a balneology
|z Czechia
|y 19th century
|2 eczenas
|
| 650 |
0 |
9 |
|a Christianity and culture
|z Czechia
|y 18th-19th centuries
|2 eczenas
|
| 650 |
0 |
9 |
|a architectural monuments
|z Czechia
|2 eczenas
|
| 651 |
|
7 |
|a Teplá (Cheb, Česko)
|7 ge131063
|2 czenas
|
| 651 |
|
7 |
|a Mariánské Lázně (Česko)
|7 ge129964
|2 czenas
|
| 651 |
|
9 |
|a Teplá (Cheb, Czechia)
|2 eczenas
|
| 651 |
|
9 |
|a Mariánské Lázně (Czechia)
|2 eczenas
|
| 655 |
|
7 |
|a studie
|7 fd133597
|2 czenas
|
| 655 |
|
7 |
|a biografie
|7 fd131909
|2 czenas
|
| 655 |
|
9 |
|a studies
|2 eczenas
|
| 655 |
|
9 |
|a biography
|2 eczenas
|
| 700 |
1 |
|
|a Drábková, Jana
|4 trl
|
| 700 |
1 |
|
|a Hrdinová, Marie
|4 trl
|
| 700 |
1 |
|
|a Kaiser, Tomáš
|4 trl
|
| 700 |
1 |
|
|a Vavrein, Jan
|4 trl
|
| 830 |
|
0 |
|a Venkovské baroko
|0 s
|
| 910 |
2 |
|
|a BOA001
|b 2-1357.123
|
| 928 |
9 |
|
|a Náš region
|
| 928 |
9 |
|
|a Úterské občanské sdružení Bart
|
| 990 |
|
|
|a BK
|
| 995 |
|
|
|a 01
|
| 991 |
|
|
|b 201601
|c NOV
|
| 996 |
6 |
|
|b 2610650371
|c 2-1357.123
|l MZK
|r Sklad / do 1 hodiny
|n 0
|p p.v.
|w 001531020
|u 000010
|a 1
|e BOA001
|j MZK50
|s P
|